[Event "Sofia op 1st"]
[Site "Sofia"]
[Date "2006.05.12"]
[Round "3"]
[White "Dochev, Dimitar"]
[Black "Barkashki, Martin Georgiev"]
[Result "1-0"]
[WhiteElo "2397"]
[BlackElo "1986"]
[PlyCount "64"]
[EventDate "2006.05.11"]
[EventType "swiss"]
[EventRounds "9"]
[EventCountry "BUL"]
[SourceTitle "CBM 112 Extra"]
[Source "ChessBase"]
[SourceDate "2006.07.14"]
[SourceVersion "1"]
[SourceVersionDate "2006.07.14"]
[SourceQuality "1"]

1. e4 Nf6 2. e5 Nd5 3. d4 d6 4. Nf3 Bg4 5. Be2 Nc6 6. c4 Nb6 7. exd6 cxd6 8. d5 Bxf3 9. Bxf3 Ne5 10. Be2 g6 11. f4 Ned7 12. Be3 Bg7 13. Bd4 Nf6 14. Nc3 0-0 15. 0-0 e6 16. dxe6 fxe6 17. Kh1 Rc8 18. Qb3 Nfd7 19. Rad1 Qe7 20. Bxg7 Kxg7 21. Nb5 d5 22. Nxa7 Ra8 23. Nb5 dxc4 24. Bxc4 Nc5 25. Qe3 Nxc4 26. Qc3+ Qf6 27. Qxc4 Rac8 28. Nd6 Rc7 29. b4 Na6 30. Qb5 Qe7 31. a3 Nb8 32. Qe5+ Kg8 1-0